BSOP header

Culturally incorrect : (Record no. 54075)

MARC details
000 -LEADER
fixed length control field 02147cam a22003134a 4500
001 - CONTROL NUMBER
control field 14602756
005 - DATE AND TIME OF LATEST TRANSACTION
control field 20250624151746.0
008 - FIXED-LENGTH DATA ELEMENTS--GENERAL INFORMATION
fixed length control field 061020s2007 tnu b 000 0 eng
010 ## - LIBRARY OF CONGRESS CONTROL NUMBER
LC control number 2006035175
020 ## - INTERNATIONAL STANDARD BOOK NUMBER
International Standard Book Number 9781599510132 (hardcover)
020 ## - INTERNATIONAL STANDARD BOOK NUMBER
International Standard Book Number 1599510138 (hardcover)
035 ## - SYSTEM CONTROL NUMBER
System control number (OCoLC)ocm74915544
035 ## - SYSTEM CONTROL NUMBER
System control number (OCoLC)74915544
Canceled/invalid control number (OCoLC)138541321
040 ## - CATALOGING SOURCE
Original cataloging agency DLC
Transcribing agency DLC
Modifying agency YDX
-- BAKER
-- BTCTA
-- YDXCP
-- ILC
-- OMP
-- BUR
-- DLC
043 ## - GEOGRAPHIC AREA CODE
Geographic area code n-us---
100 1# - MAIN ENTRY--PERSONAL NAME
Personal name Parsley, Rod.
245 10 - TITLE STATEMENT
Title Culturally incorrect :
Remainder of title how clashing worldviews affect your future /
Statement of responsibility, etc Rod Parsley.
260 ## - PUBLICATION, DISTRIBUTION, ETC. (IMPRINT)
Place of publication, distribution, etc Nashville :
Name of publisher, distributor, etc Thomas Nelson,
Date of publication, distribution, etc c2007.
300 ## - PHYSICAL DESCRIPTION
Extent xxii, 227 p. ;
Dimensions 25 cm.
336 ## - CONTENT TYPE
Content Type Term text
337 ## - MEDIA TYPE
Media Type Term unmediated
338 ## - CARRIER TYPE
Carrier Type Term volume
504 ## - BIBLIOGRAPHY, ETC. NOTE
Bibliography, etc Includes bibliographical references (p. 215-227).
505 0# - FORMATTED CONTENTS NOTE
Formatted contents note Surveying the battlefield -- Why worldviews matter -- Pretenders to the throne -- The real thing -- The fathers of falsehood: the roots of the current conflict -- The battleground of science -- The battleground of the arts -- The battleground of the public square -- Toward a new Great Awakening -- A call to compassion and action -- Fighting for the life of a dying culture -- A seed, a generation.
520 ## - SUMMARY, ETC.
Summary, etc Parsley claims that the current generation of evangelical Christians has failed to engage the culture, present a relevant gospel, and lead and influence through service. He depicts the cost and implications of that failure. He explains how the culture war has entered a new, critical phase for the United States, and discusses the areas in which this war is being fought (cultural, scientific, geopolitical, media and academia) as well as the paradigms, assumptions, and values that animate the humanist, secularist and neo-pagan opponents of Christian governance in America. He offers a strategy for winning, which he calls a New Great Awakening, and shows how evangelism, social action, and the engagement of culture fit into that plan.--From publisher description.
650 #0 - SUBJECT ADDED ENTRY--TOPICAL TERM
Topical term or geographic name as entry element Christianity and culture
Geographic subdivision United States.
651 #0 - SUBJECT ADDED ENTRY--GEOGRAPHIC NAME
Geographic name United States
General subdivision Church history
Chronological subdivision 21st century.
942 ## - ADDED ENTRY ELEMENTS (KOHA)
Source of classification or shelving scheme Library of Congress Classification
Item type Books
Holdings
Withdrawn status Lost status Source of classification or shelving scheme Damaged status Not for loan Home library Current library Shelving location Date acquired Inventory number Total Checkouts Full call number Barcode Date last seen Price effective from Koha item type
    Library of Congress Classification     BSOP Library BSOP Library GC 06/24/2025 49262   BR115.C8 P25 2007 00061653 06/24/2025 06/24/2025 Books
BSOP

Biblical Seminary of the Philippines
  All rights Reserved
  © 2024

CONTACT INFORMATION

Biblical Seminary of the Philippines,
  77-B Karuhatan Road, Valenzuela City,
  PHILIPPINES 1441
  Phone: +632 8292-6795 / 8292-6798
  Fax : +632 8292-6675
  Email: library@bsop.edu.ph